| 000 | 00000nam##2200000za#4500 |
| 001 | 9.695933 |
| 003 | CaOODSP |
| 005 | 20210624234814 |
| 007 | cr ||||||||||| |
| 008 | 150407|2001||||xxc|||||o f|0| 0 eng|d |
| 040 | |aCaOODSP|beng |
| 043 | |an-cn--- |
| 086 | 1 |aFA3-27/2001E-PDF |
| 110 | 1 |aCanada. |bOffice of the Auditor General. |
| 245 | 10|aPublic service management reform : |h[electronic resource]|bprogress, setbacks and challenges |
| 260 | |aOttawa - Ontario : |bOffice of the Auditor General of Canada |cFebruary 2001. |
| 300 | |a108p. |
| 500 | |aThe catalogue number (FA3-27/2001) and ISBN (0-662-65472-2) for the bilingual print edition have been incorrectly copied in this electronic publication. |
| 504 | |aBibliography. |
| 590 | |a12-14-Supp|b2012-04-10 |
| 690 | 07|aPublic administration|2gcpds |
| 690 | 07|aPublic service|2gcpds |
| 775 | 08|tLa réforme de la gestion de la fonction publique : |w(CaOODSP)9.640053 |
| 776 | 0#|tPublic Service management reform : |w(CaOODSP)9.662495 |
| 776 | 0#|tLa réforme de la gestion de la fonction publique : |w(CaOODSP)9.662496 |
| 856 | 40|ahttp://publications.gc.ca|qPDF|s443 KB|uhttps://publications.gc.ca/collections/Collection/FA3-27-2001E.pdf |